| 000 | 00792nam a22002177a 4500 | ||
|---|---|---|---|
| 999 |
_c13374 _d13374 |
||
| 003 | AR-CdUCM | ||
| 008 | 190415b ||||| |||| 00| 0 eng d | ||
| 040 |
_aMUNICIPALIDAD PROVINCIAL DEL CUSCO _cBIBLIOTECA MUNICIPAL DEL CUSCO |
||
| 082 |
_a304 / _bL29 |
||
| 100 |
_aLaurent, Abel _931760 |
||
| 245 |
_aViolencia en Cusco : _bUna aproximación desde la salud pública / |
||
| 260 |
_aCusco : _bGuaman Poma de Ayala, _c2001. |
||
| 300 |
_a51 páginas ; _c21 cm. |
||
| 505 | _aContenido : Violencia y salud pública -- Bases anatómicas y fisiológicas de la agresividad -- Agresividad y psicoanálisis ... | ||
| 650 |
_aViolencia _931761 |
||
| 650 |
_aAgresividad _931762 |
||
| 650 |
_aCusco _9772 |
||
| 700 |
_aBiondi, Juan _931763 |
||
| 942 |
_2ddc _cLIBROS |
||
| 945 |
_arah _d15/04/2019 |
||